| 000 | 00653nam a2200241Ia 4500 | ||
|---|---|---|---|
| 001 | 11210 | ||
| 003 | GE_BSU | ||
| 008 | 181216s||||||||xx |||||||||||||| ||und|| | ||
| 020 | _a9785388006882 | ||
| 040 | _cGE_BSU | ||
| 080 | _a332.1(075) | ||
| 100 | _aБарыгин,И.Н. | ||
| 245 | _aМеждународное регионоведение | ||
| 245 | _bУЧЕБНИК ДЛЯ ВУЗОВ. | ||
| 245 | _cРед.Е.Власова | ||
| 260 | _aМосква | ||
| 260 | _bПитер | ||
| 260 | _c2009. | ||
| 300 | _a384С;ИЛ;21СМ. | ||
| 541 | _h24Л. | ||
| 653 | _aМЕЖДУНАРОДНОЕ РЕГИОНОВЕДЕНИЕ. | ||
| 942 | _cBK | ||
| 999 |
_c44441 _d44441 |
||